Missing Word: Nicole Kidman Quiz Stats

 Plays Quiz Updated Aug 11, 2012

Challenge
Share
Tweet
Embed
Score 0/14 Timer 03:00
0 Plays Today
Movie Missing word % Correct
Eyes _____ ShutWide
97.8%
_____ RougeMoulin
88.8%
_____ and AwayFar
79.9%
To _____ ForDie
77.5%
The _____ WivesStepford
74.9%
_____ MountainCold
67.1%
Days of _____thunder
66.8%
Movie Missing word % Correct
Practical _____Magic
66.2%
The Golden _____Compass
49.2%
The Portrait of a _____Lady
39.1%
_____ ForeverBatman
31.2%
Rabbit _____Hole
28.9%
Dead _____Calm
22.5%
_____ at the WeddingMargot
9%

Today's Daily Dose

Missing Word
Bible Verses

Quick Pick
Brad Pitt Roles

On This Day
July 21st II

You're not logged in!

Compare scores with friends on all Sporcle quizzes.
Join for Free
OR
Log In

You Might Also Like...

Show Comments

Extras

Top Quizzes Today


Score Distribution

Your Account Isn't Verified!

In order to create a playlist on Sporcle, you need to verify the email address you used during registration. Go to your Sporcle Settings to finish the process.

Report this User

Report this user for behavior that violates our Community Guidelines.

Details: